|
|
|
|
| LEADER |
00000nab a2200000 a 4500 |
| 001 |
vtls000046548 |
| 003 |
SK-MaSNL |
| 005 |
20260305010506.0 |
| 008 |
250423c1979 xo 0 slo |
| 015 |
|
|
|a SNBRB19rr/mm-uuuuu
|
| 035 |
|
|
|a CL0056644
|
| 035 |
|
|
|a urn:nbn:sk:snk-abdkc1
|
| 035 |
|
|
|a (urnnbn)urn:nbn:sk:snk:ar-001lrt
|
| 035 |
|
|
|a (uuid)f3b2df7a-2645-4f00-b5b1-5581edfba7eb
|
| 040 |
|
|
|a SNKBUCL
|b slo
|c SNKBUCL
|e AACR2
|
| 041 |
0 |
|
|a slo
|
| 044 |
|
|
|a xo
|c SK
|
| 080 |
|
|
|a 82(091):886.7"19":92
|2 1981
|
| 080 |
|
|
|a 886.7(091)"19"
|2 1981
|
| 080 |
|
|
|a 92 Radičkov, Jordan
|2 1981
|
| 100 |
1 |
|
|a Kudlička, Emil,
|d 1933-2009
|4 aut
|9 240096
|
| 245 |
1 |
0 |
|a Jordan Radičkov... [inc.]/
|c Emil Kudlička
|
| 300 |
|
|
|b Fot. 1.
|
| 600 |
1 |
7 |
|a Radičkov, Jordan,
|d 1929-2004
|2 snkbucl
|9 199283
|
| 655 |
|
7 |
|a články z novín a časopisov
|2 snkbucl
|9 267496
|
| 655 |
|
7 |
|a články z odboru literárna veda a krásna literatúra
|2 snkbucl
|9 770045
|
| 773 |
0 |
|
|t Javisko
|g Roč. 11, č. 10 (1979), s. 274
|
| 850 |
|
|
|a Slovenská národná knižnica
|
| 852 |
|
|
|a Slovenská národná knižnica
|
| 954 |
|
|
|a odborná, vedecká literatúra pôvodná (slovenská)
|2 lita
|
| 958 |
|
|
|a article19
|
| 958 |
|
|
|a OND
|
| 958 |
|
|
|a RK
|
| 958 |
|
|
|a LX
|
| 958 |
|
|
|a SK
|
| 958 |
|
|
|a EUIPO
|
| 992 |
|
|
|a RBX
|
| 999 |
|
|
|c 3246994
|d 3248924
|